00807nam a2200193 a 450000100060000000300090000600800410001504000280005608200180008410000360010224500750013826000370021330000070025049000200025750502460027765000270052365000250055065000380057522560CO-ViMGA141112s2004 ck r 000 u spa d aCO-ViMGAbspacCO-ViMGA04a748.502 L663d1 aLopez Santacruz, Maria Victoria10aDecoración de vidrio : bProyectos paso a paso para decorar su hogar aBarcelona : bParramón, c2001 a80 aManos creativas aProcedimientos y materiales : Limpieza, cortar vidrio, aplicacion de pinturas y relieves 6 - 14 - - Proyectos : Colgantes de vidrio, copa de vidrio, tarro de cocina, posavasos, portafotos, portavelas, portacartas, larron envelecido 19 - 76 14aDECORACIóN EN VIDRIO14aPINTURA SOBRE VIDRIO14aPINTURA SOBRE VIDRIO - TECNICÁS